Т. 118, № 6; Оптика и спектроскопия

Bibliografische gegevens
Parent link:Оптика и спектроскопия: научный журнал/ Российская академия наук (РАН). Т. 118, № 6.— , 1956-
Taal:Russisch
Gepubliceerd in: 2015
Formaat: MixedMaterials Boek
KOHA link:https://koha.lib.tpu.ru/cgi-bin/koha/opac-detail.pl?biblionumber=547297

MARC

LEADER 00000nam2a2200000 4500
001 547297
005 20231101120056.0
035 |a (RuTPU)RU\TPU\prd\239587 
090 |a 547297 
100 |a 20150706a19569999k y0rusy50 ca 
101 0 |a rus 
102 |a RU 
200 0 |a Т. 118, № 6 
210 |d 2015 
461 1 |0 (RuTPU)RU\TPU\prd\1660  |t Оптика и спектроскопия  |o научный журнал  |f Российская академия наук (РАН)  |v Т. 118, № 6  |d 1956- 
801 0 |a RU  |b 63413507  |c 20010227  |g PSBO 
801 1 |a RU  |b 63413507  |c 20150706 
801 2 |a RU  |b 63413507  |c 20230523  |g RCR 
942 |c BK 
999 |a НТБ_ТПУ  |b НФ  |e -1/20150112  |p П-6016  |s 6/20141120  |u 0,00  |v 1